Normal view MARC view
  • BHADBHADE, NILIMA

Entry Personal Name

Number of records used in: 1

001 - CONTROL NUMBER

  • control field: 4412

003 - CONTROL NUMBER IDENTIFIER

  • control field: OSt

005 - DATE AND TIME OF LATEST TRANSACTION

  • control field: 20180628210601.0

008 - FIXED-LENGTH DATA ELEMENTS

  • fixed length control field: 180628|| aca||aabn | a|a d

040 ## - CATALOGING SOURCE

  • Original cataloging agency: OSt
  • Transcribing agency: OSt

100 ## - HEADING--PERSONAL NAME

  • Personal name: BHADBHADE, NILIMA

670 ## - SOURCE DATA FOUND

  • Source citation: Work cat.: (OSt): BHADBHADE, NILIMA, THE INDIAN CONTRACT AND SPECIFIC RELIEF (VOL-1), 2013